| 000 | 00916nam a22002897a 4500 | ||
|---|---|---|---|
| 003 | CHAP | ||
| 005 | 20220329134328.0 | ||
| 008 | 971013s r 00010 d | ||
| 010 | _a18850 | ||
| 011 | _a19822 | ||
| 035 | _a23907 | ||
| 040 | _cCHAP | ||
| 090 | _aFolleto 3982 | ||
| 110 |
_aCentro de Investigaciones Pecuarias del Estado de Sonora, A.C. _921127 |
||
| 245 | _aGuía práctica para el manejo de ranchos en Sonora | ||
| 260 |
_a(s.l. : _bComité de Fomento Ganadero), _c(s.a.) |
||
| 300 | _a25 p. | ||
| 590 |
_aBATCH-UPD _b10 _c20130110 _lUCH01 _h2121 |
||
| 590 |
_aBATCH-UPD _b10 _c20130410 _lUCH01 _h1430 |
||
| 590 |
_aBATCH-UPD _b10 _c20130914 _lUCH01 _h1456 |
||
| 590 |
_aCONVERSION _b10 _c20130109 _lUCH01 _h1311 |
||
| 650 | 1 | 4 |
_aGanadería _xSonora. _944851 |
| 650 | 1 | 4 |
_aGanado vacuno _xSonora. _945515 |
| 901 | _aBK | ||
| 942 | _cFOLL | ||
| 949 |
_aFolleto 3982 _bBC _cFOLL _d-55382 _eTS1 _i23907 _mD _si |
||
| 999 |
_c18850 _d18850 |
||